| 000 | 00944nam a2200277Ia 4500 | ||
|---|---|---|---|
| 003 | GCL | ||
| 005 | 20240530101846.0 | ||
| 008 | 140319s9999 xx 000 0 ara d | ||
| 040 |
_aGCL / _cGCL |
||
| 082 | 0 | 4 |
_a962.048 _bق/س م |
| 100 | 1 | _aعبدالعظيم رمضان | |
| 245 | 1 | 0 |
_aمذكرات سعد زغلول / _cعبدالعظيم رمضان |
| 260 |
_a[S.N] : _bالهيئة المصرية العامة للكتاب ، _c1993 |
||
| 300 | _aمتعدد الترقيم | ||
| 650 | 0 | 4 | _aالعصر الحديث |
| 650 | 0 | 4 | _aمصر |
| 650 | 0 | 4 | _aتاريخ |
| 650 | 0 | 4 | _aالاحوال السياسية |
| 650 | 0 | 4 | _aالاحزاب السياسية |
| 650 | 0 | 4 | _aالملك فؤاد |
| 650 | 0 | 4 | _aالسلطان حسين كامل (1914 - 1917 |
| 650 | 0 | 4 | _aالاحتلال الايطالى |
| 650 | 0 | 4 | _aمصر - تاريخ - العصر الحديث - ثورة 1919 |
| 700 | 1 | _aسعد زغلول | |
| 942 |
_2ddc _cBK |
||
| 999 |
_c28238 _d28238 |
||